[Event "M.Chigorin Memorial"]
[Site "St. Petersburg RUS"]
[Date "2009.10.17"]
[Round "2.47"]
[White "Zinchenko, Yaroslav"]
[Black "Kovalev, Vladislav"]
[Result "1-0"]
[WhiteElo "2539"]
[BlackElo "2349"]
[PlyCount "95"]
[EventDate "2009.??.??"]

1. e4 e5 2. Nf3 Nc6 3. Bb5 a6 4. Ba4 Nf6 5. O-O Be7 6. Re1 b5 7. Bb3 d6 8. c3
O-O 9. h3 Nb8 10. d4 Nbd7 11. Nbd2 Bb7 12. Bc2 Re8 13. Nf1 Bf8 14. Ng3 g6 15.
a4 c5 16. d5 c4 17. Bg5 h6 18. Be3 Nc5 19. Qd2 h5 20. Bg5 Be7 21. Ra3 Rb8 22.
Rea1 h4 23. Bxh4 Nfxe4 24. Nxe4 Nxe4 25. Bxe4 Bxh4 26. axb5 axb5 27. Ra5 Bc8
28. Ra7 Kg7 29. Nxh4 Qxh4 30. Qe3 Re7 31. Ra8 Rxa8 32. Rxa8 Bd7 33. Ra6 f5 34.
Bc2 Qf6 35. Qb6 Bc8 36. Ra8 Bd7 37. Ra6 Bc8 38. Ra8 Bd7 39. Rd8 e4 40. Qb8 Qe5
41. Rg8+ Kh7 42. Qf8 Be8 43. Rh8+ Qxh8 44. Qxe7+ Kh6 45. Qxd6 Qg7 46. g4 Qd7
47. Qe5 fxg4 48. h4 1-0

[Event "M.Chigorin Memorial"]
[Site "St. Petersburg RUS"]
[Date "2009.10.17"]
[Round "2.48"]
[White "Brlousov, Danila"]
[Black "Wen, Yang"]
[Result "1/2-1/2"]
[WhiteElo "2351"]
[BlackElo "2538"]
[PlyCount "104"]
[EventDate "2009.??.??"]

1. e4 c5 2. Nf3 Nc6 3. d4 cxd4 4. Nxd4 Qc7 5. Nc3 e6 6. Be3 a6 7. Qd2 Nf6 8.
O-O-O Bb4 9. f3 Ne7 10. Nde2 b5 11. Kb1 Ba5 12. Qd6 Qxd6 13. Rxd6 Bc7 14. Rd2
Bb7 15. a4 b4 16. Na2 d5 17. exd5 Nexd5 18. Bc5 O-O-O 19. Nxb4 Ba5 20. Nxd5
Bxd2 21. Nxf6 gxf6 22. Be7 Rd7 23. Bxf6 Rg8 24. b3 Be3 25. Kb2 Rg6 26. Be5 h5
27. Bf4 Bb6 28. Be5 h4 29. Nf4 Rg5 30. Bc3 Rd1 31. h3 e5 32. Nd3 Bd4 33. Bxd4
exd4 34. Nf2 Rd2 35. Ng4 d3 36. Bxd3 Rxg2 37. Re1 Rg3 38. Re8+ Kc7 39. Re7+ Kb8
40. f4 Rc5 41. Rxf7 Rxh3 42. Ne5 Rc7 43. Rf6 Re3 44. Rh6 h3 45. b4 Be4 46. f5
Bxd3 47. Nxd3 Rf7 48. f6 Kc7 49. Nf2 Rf3 50. Nxh3 R7xf6 51. Ng5 Rxh6 52. Nxf3
Kd6 1/2-1/2

[Event "M.Chigorin Memorial"]
[Site "St. Petersburg RUS"]
[Date "2009.10.17"]
[Round "2.49"]
[White "Abergel, Thal"]
[Black "Kashtanov, Ruslan"]
[Result "1/2-1/2"]
[WhiteElo "2532"]
[BlackElo "2343"]
[PlyCount "100"]
[EventDate "2009.??.??"]

1. e4 e6 2. d4 d5 3. Nd2 c5 4. Ngf3 cxd4 5. Nxd4 Nf6 6. exd5 Qxd5 7. Nb5 Na6 8.
c4 Qc6 9. Nf3 b6 10. Be2 Bb7 11. O-O Be7 12. Nbd4 Qd6 13. Qa4+ Nd7 14. Rd1 Nac5
15. Qc2 Qb8 16. b4 Ne4 17. Bb2 Qc8 18. Qa4 O-O 19. a3 a5 20. Qb3 Re8 21. Rac1
axb4 22. axb4 Bf8 23. Nb5 Rd8 24. Bd4 Bc6 25. Be3 e5 26. Ng5 Nxg5 27. Bxg5 Re8
28. Nd6 Bxd6 29. Rxd6 Qc7 30. Qd1 Ba4 31. Qd3 Nf8 32. Bf3 Rab8 33. Bd5 Bd7 34.
Rd1 Bg4 35. f3 Be6 36. Bxe6 Rxe6 37. Be3 h6 38. Rd5 Rc8 39. c5 bxc5 40. Bxc5
Ree8 41. Qf5 Qc6 42. h3 Qa4 43. Re1 f6 44. Red1 Ne6 45. R1d2 Rc7 46. Rd6 Nxc5
47. bxc5 Qb5 48. c6 Qc5+ 49. Kh2 Rxc6 50. Rd7 Rce6 1/2-1/2

[Event "M.Chigorin Memorial"]
[Site "St. Petersburg RUS"]
[Date "2009.10.17"]
[Round "2.50"]
[White "Zubritskiy, Artyom"]
[Black "Anisimov, Pavel"]
[Result "1/2-1/2"]
[WhiteElo "2342"]
[BlackElo "2518"]
[PlyCount "89"]
[EventDate "2009.??.??"]

1. d4 Nf6 2. c4 e6 3. Nf3 b6 4. g3 Ba6 5. Qc2 c5 6. d5 exd5 7. cxd5 Bb7 8. Bg2
Nxd5 9. O-O Be7 10. Rd1 Nc6 11. a3 Nf6 12. e4 O-O 13. Nc3 Qb8 14. e5 Nxe5 15.
Nxe5 Bxg2 16. Nxd7 Qb7 17. Nxf8 Rxf8 18. Re1 Bh1 19. f4 Bc6 20. h3 Qd7 21. Kh2
Bb7 22. Qa4 Qd6 23. Be3 Ng4+ 24. Kg1 Nxe3 25. Rxe3 Bf6 26. Rd1 Bd4 27. Kh2 Bc6
28. Qc2 Qf6 29. Ree1 h5 30. h4 g6 31. Rd2 Kh8 32. Ne4 Qe6 33. Rde2 Qg4 34. Ng5
Bf6 35. Qd3 Bxg5 36. fxg5 Bd7 37. Qd6 Kg8 38. Rf2 Be6 39. Re3 Qc4 40. Qd2 Re8
41. Rf4 Qb5 42. Rf6 Qc6 43. Qd3 Kg7 44. Qc3 Kg8 45. Qd3 1/2-1/2

[Event "M.Chigorin Memorial"]
[Site "St. Petersburg RUS"]
[Date "2009.10.17"]
[Round "2.51"]
[White "Danin, Alexandre"]
[Black "Rjabzev, Konstantin"]
[Result "1-0"]
[WhiteElo "2517"]
[BlackElo "2333"]
[PlyCount "71"]
[EventDate "2009.??.??"]

1. e4 e5 2. Nf3 Nc6 3. d4 exd4 4. Nxd4 Bc5 5. Nxc6 Qf6 6. Qf3 bxc6 7. Be2 Qxf3
8. gxf3 Ne7 9. Be3 Bxe3 10. fxe3 a5 11. Nc3 Ba6 12. Rd1 d6 13. Rg1 Bxe2 14.
Kxe2 O-O 15. b3 f5 16. e5 dxe5 17. Rd7 Rf7 18. Rxc7 Rc8 19. Rxc8+ Nxc8 20. Rd1
Rc7 21. Na4 Kf7 22. Rd8 Ke7 23. Rg8 Kf7 24. Rh8 h6 25. Nc5 Nb6 26. a4 Nd7 27.
Nxd7 Rxd7 28. Ra8 Rd5 29. Ra6 Rc5 30. c4 g5 31. e4 h5 32. Ra8 g4 33. Rh8 gxf3+
34. Kxf3 fxe4+ 35. Kxe4 Kg6 36. h4 1-0

[Event "M.Chigorin Memorial"]
[Site "St. Petersburg RUS"]
[Date "2009.10.17"]
[Round "2.52"]
[White "Mikheev, Stanislav"]
[Black "Al Sayed, Mohamad N"]
[Result "0-1"]
[WhiteElo "2332"]
[BlackElo "2515"]
[PlyCount "102"]
[EventDate "2009.??.??"]

1. e4 c5 2. Nf3 Nc6 3. Bb5 d6 4. O-O Bd7 5. Re1 Nf6 6. c3 a6 7. Bxc6 Bxc6 8. d4
Bxe4 9. Bg5 Bd5 10. Nbd2 b5 11. dxc5 dxc5 12. c4 Bxc4 13. Nxc4 Qxd1 14. Rexd1
bxc4 15. Rac1 e6 16. Bxf6 gxf6 17. Rxc4 Be7 18. Ne1 f5 19. Kf1 Rc8 20. b4 O-O
21. Rd7 Rfe8 22. Nd3 Rcd8 23. Nxc5 Rxd7 24. Nxd7 Rd8 25. Nc5 a5 26. a3 axb4 27.
axb4 Rd2 28. Ke1 Ra2 29. Nd3 Kg7 30. b5 Bd8 31. Kd1 Kf6 32. Rc2 Ra5 33. Rb2 Bb6
34. f4 Ra4 35. g3 Ke7 36. Ne5 f6 37. Nc6+ Kd6 38. Ke2 e5 39. Kf3 Ra3+ 40. Kg2
Rd3 41. Re2 e4 42. g4 fxg4 43. Rxe4 Rd2+ 44. Kg3 f5 45. Re8 h5 46. Ne5 Kd5 47.
Ng6 Kc4 48. Re6 Bf2+ 49. Kg2 h4 50. Kf1 h3 51. Ne7 Bh4 0-1

[Event "M.Chigorin Memorial"]
[Site "St. Petersburg RUS"]
[Date "2009.10.17"]
[Round "2.53"]
[White "Simonian, Hrair"]
[Black "Burtasova, Anna"]
[Result "1-0"]
[WhiteElo "2513"]
[BlackElo "2331"]
[PlyCount "109"]
[EventDate "2009.??.??"]

1. e4 e5 2. Nf3 Nc6 3. Bb5 a6 4. Ba4 d6 5. Bxc6+ bxc6 6. d4 exd4 7. Qxd4 c5 8.
Qd3 Ne7 9. b3 Ng6 10. O-O Be7 11. Bb2 O-O 12. Nbd2 Nf4 13. Qe3 Bg5 14. Kh1 Bh6
15. Qc3 Bb7 16. Rfe1 Qd7 17. Nf1 f5 18. e5 d5 19. Qxc5 Ne6 20. Qb4 c5 21. Qh4
d4 22. Bc1 f4 23. N1d2 Rf5 24. Ne4 Bxe4 25. Rxe4 Qd5 26. Re1 g6 27. Qg4 Re8 28.
Bd2 Bg7 29. Nh4 Rxe5 30. Rxe5 Qxe5 31. Re1 Qf6 32. Bxf4 Kf7 33. Bg3 Rd8 34. Nf3
Qf5 35. Qh4 Re8 36. Qe4 Qxe4 37. Rxe4 Rc8 38. Nd2 Rd8 39. Nc4 d3 40. cxd3 Rxd3
41. h3 Rd1+ 42. Kh2 Ra1 43. Nd6+ Ke7 44. Ra4 Bd4 45. Rxa6 h5 46. Ra7+ Kf6 47.
Rf7+ Kg5 48. h4+ Kh6 49. Re7 Ng7 50. a4 Ra3 51. Rb7 Ra2 52. Nf7+ Kh7 53. Ng5+
Kh6 54. Ne4 Ne6 55. Rb6 1-0

[Event "M.Chigorin Memorial"]
[Site "St. Petersburg RUS"]
[Date "2009.10.17"]
[Round "2.54"]
[White "Sichinava, Zviad"]
[Black "Gabrielian, Artur"]
[Result "0-1"]
[WhiteElo "2331"]
[BlackElo "2513"]
[PlyCount "36"]
[EventDate "2009.??.??"]

1. d4 Nf6 2. Bg5 d5 3. Nd2 Nbd7 4. e3 g6 5. f4 c5 6. c3 Qb6 7. Qc2 Ng4 8. f5 h6
9. Bf4 g5 10. h3 gxf4 11. hxg4 fxe3 12. Nb3 c4 13. Nc1 Nf6 14. Be2 Rg8 15. Rh3
h5 16. Rxe3 hxg4 17. g3 Bh6 18. Re5 Nd7 0-1

[Event "M.Chigorin Memorial"]
[Site "St. Petersburg RUS"]
[Date "2009.10.17"]
[Round "2.55"]
[White "Shimanov, Aleksandr"]
[Black "Melnikov, Dmitry"]
[Result "0-1"]
[WhiteElo "2508"]
[BlackElo "2327"]
[PlyCount "76"]
[EventDate "2009.??.??"]

1. e4 e5 2. Nf3 Nc6 3. Bc4 Nf6 4. d3 Bc5 5. c3 a6 6. Bb3 Ba7 7. h3 O-O 8. O-O
d5 9. exd5 Nxd5 10. Re1 f6 11. d4 exd4 12. cxd4 Na5 13. Bxd5+ Qxd5 14. Nc3 Qf7
15. d5 Nc4 16. Bf4 Bf5 17. Nh4 Bc8 18. b3 Nd6 19. Qd3 Bd7 20. Bxd6 cxd6 21. Nf5
Bc5 22. Na4 Bb4 23. Ne7+ Kh8 24. Re4 Ba5 25. Nb2 Rae8 26. Nc4 Bb4 27. a3 Rxe7
28. Rxe7 Qxe7 29. axb4 Bb5 30. Qd4 Re8 31. Rc1 h6 32. Qb6 Rc8 33. Qd4 Re8 34.
Rc3 Qe1+ 35. Kh2 Re4 36. Qd3 Re2 37. Qg6 Qxc3 38. Nxd6 Qe5+ 0-1

[Event "M.Chigorin Memorial"]
[Site "St. Petersburg RUS"]
[Date "2009.10.17"]
[Round "2.56"]
[White "Molchanova, Tatjana"]
[Black "Pavlov, Sergey"]
[Result "1-0"]
[WhiteElo "2316"]
[BlackElo "2507"]
[PlyCount "77"]
[EventDate "2009.??.??"]

1. d4 Nf6 2. c4 b6 3. Nf3 Bb7 4. e3 e6 5. Bd3 d5 6. b3 Bb4+ 7. Nbd2 dxc4 8.
bxc4 c5 9. Bb2 cxd4 10. exd4 O-O 11. O-O Nc6 12. Qe2 Qe7 13. Ne4 Nxe4 14. Qxe4
f5 15. Qe2 Rae8 16. a3 Bd6 17. Rfe1 Nd8 18. d5 Qf7 19. Ne5 Bxe5 20. Qxe5 exd5
21. Qc3 Ne6 22. cxd5 Nf4 23. Bb5 Rxe1+ 24. Rxe1 Bxd5 25. Qd4 Qg6 26. g3 Be4 27.
f3 Nh3+ 28. Kg2 Nf4+ 29. Kf1 Nh5 30. fxe4 fxe4+ 31. Kg2 Nf4+ 32. Kh1 Nd3 33.
Bxd3 exd3 34. Re7 Qc6+ 35. Kg1 Rf1+ 36. Kxf1 Qh1+ 37. Qg1 d2 38. Rxg7+ Kf8 39.
Rd7 1-0

[Event "M.Chigorin Memorial"]
[Site "St. Petersburg RUS"]
[Date "2009.10.17"]
[Round "2.57"]
[White "Makarov, Marat"]
[Black "Gorkavij, Vadim"]
[Result "0-1"]
[WhiteElo "2505"]
[BlackElo "2314"]
[PlyCount "132"]
[EventDate "2009.??.??"]

1. Nf3 d5 2. d4 Nf6 3. c4 c6 4. Qc2 e6 5. Nbd2 Nbd7 6. g3 Bd6 7. Bg2 O-O 8. O-O
Qe7 9. b3 b6 10. e4 Nxe4 11. Nxe4 dxe4 12. Qxe4 Bb7 13. Bf4 Bxf4 14. Qxf4 c5
15. Rad1 Nf6 16. Rfe1 cxd4 17. Nxd4 Bxg2 18. Kxg2 Rac8 19. Qf3 Qc5 20. Nb5 a6
21. Nd6 Rc7 22. a4 h6 23. Re3 Qb4 24. h3 Qc5 25. Red3 Qe5 26. Qe3 Qxe3 27. Rxe3
Rd7 28. Red3 Rfd8 29. R3d2 Kf8 30. Ne4 Rxd2 31. Rxd2 Rxd2 32. Nxd2 Ke7 33. b4
Kd6 34. Kf3 Kc6 35. Nb3 Nd7 36. Ke3 Ne5 37. c5 Nc4+ 38. Ke4 Nb2 39. Nd4+ Kb7
40. Ke5 bxc5 41. bxc5 Kc7 42. Nb3 Nd3+ 43. Kd4 Nxf2 44. h4 Nh1 45. g4 Nf2 46.
g5 hxg5 47. hxg5 Nh3 48. g6 fxg6 49. Ke4 Kc6 50. Nd4+ Kxc5 51. Nxe6+ Kd6 52.
Nd4 Ng5+ 53. Ke3 Ne6 54. Nc2 a5 55. Kd2 Kc5 56. Kc3 Nf4 57. Nd4 Nd5+ 58. Kd3
Kb4 59. Ne6 Kxa4 60. Kc4 Ne3+ 61. Kd3 Nf5 62. Kc4 Ka3 63. Kc3 Nd6 64. Nxg7 Nb5+
65. Kc2 Nc7 66. Kc3 a4 0-1

[Event "M.Chigorin Memorial"]
[Site "St. Petersburg RUS"]
[Date "2009.10.17"]
[Round "2.58"]
[White "Poghosyan, Suren"]
[Black "Vokarev, Sergey"]
[Result "0-1"]
[WhiteElo "2255"]
[BlackElo "2505"]
[PlyCount "60"]
[EventDate "2009.??.??"]

1. d4 Nf6 2. c4 g6 3. Nc3 d5 4. cxd5 Nxd5 5. Bd2 Bg7 6. e4 Nb6 7. Be3 O-O 8. f4
Nc6 9. d5 Na5 10. Bd4 e5 11. Bxe5 Bxe5 12. fxe5 Qh4+ 13. g3 Qe7 14. Qd4 Rd8 15.
O-O-O Nc6 16. Qf2 Nxe5 17. h4 h5 18. Nh3 Bg4 19. Be2 Bxh3 20. Rxh3 c6 21. Rhh1
Rd6 22. Rd4 Rc8 23. Kb1 cxd5 24. Nxd5 Nxd5 25. exd5 Qc7 26. Bd3 Qc5 27. Be4 f5
28. Bc2 Nf3 29. Rhd1 Nxd4 30. Rxd4 Rxd5 0-1

[Event "M.Chigorin Memorial"]
[Site "St. Petersburg RUS"]
[Date "2009.10.17"]
[Round "2.59"]
[White "Romanenko, Vladimir"]
[Black "Atlas, Eduard"]
[Result "1-0"]
[WhiteElo "2505"]
[BlackElo "2060"]
[PlyCount "53"]
[EventDate "2009.??.??"]

1. Nf3 Nf6 2. g3 d5 3. Bg2 g6 4. O-O Bg7 5. d3 O-O 6. Nbd2 c6 7. e4 Bg4 8. h3
Bxf3 9. Qxf3 Nbd7 10. Qe2 e6 11. e5 Ne8 12. f4 Nc7 13. Nf3 Qe7 14. d4 Rac8 15.
c3 b5 16. Bd2 a6 17. Rae1 Rfe8 18. Qd3 Nf8 19. g4 Qd7 20. b4 Bh6 21. f5 Bxd2
22. Qxd2 exf5 23. gxf5 Re7 24. f6 Ree8 25. Qh6 Nce6 26. Ng5 Red8 27. Rf4 1-0

[Event "M.Chigorin Memorial"]
[Site "St. Petersburg RUS"]
[Date "2009.10.17"]
[Round "2.62"]
[White "Sandipan, Chanda"]
[Black "Ulanov, Alexander"]
[Result "0-1"]
[WhiteElo "2611"]
[BlackElo "2312"]
[PlyCount "118"]
[EventDate "2009.??.??"]

1. d4 d5 2. c4 e6 3. Nc3 Nf6 4. cxd5 exd5 5. Bg5 c6 6. e3 Bf5 7. Qf3 Bg6 8.
Bxf6 Qxf6 9. Qxf6 gxf6 10. Nge2 Bd6 11. g3 Nd7 12. Nf4 Ke7 13. O-O-O Nf8 14.
Nxg6+ hxg6 15. e4 dxe4 16. Nxe4 Rd8 17. Bc4 Ne6 18. h4 f5 19. Nc3 Nc7 20. a3
Kf6 21. Kc2 Kg7 22. Rd2 Be7 23. Rhd1 Ne8 24. Be2 Nd6 25. Bf3 Bf6 26. Na4 Nb5
27. d5 cxd5 28. Bxd5 b6 29. Kb1 Rhe8 30. Ka2 Rd6 31. Bc4 Rxd2 32. Rxd2 Nd4 33.
Nc3 Nf3 34. Rd7 Ne5 35. Rc7 Nxc4 36. Rxc4 Rd8 37. Nb1 Rd3 38. Rc2 f4 39. gxf4
Bxh4 40. Nc3 Rf3 41. Nd1 Rxf4 42. Rd2 g5 43. b4 a5 44. Kb3 axb4 45. axb4 g4 46.
Ka4 Be7 47. Rb2 Bc5 48. Kb5 Bd4 49. Rd2 f5 50. Kc6 Kg6 51. b5 Kg5 52. Rc2 Rf3
53. Rd2 Bc5 54. Kd5 Bb4 55. Rb2 Rd3+ 56. Kc6 Bc5 57. Rb1 f4 58. Rc1 Bd4 59. Kd5
Bb2+ 0-1

[Event "M.Chigorin Memorial"]
[Site "St. Petersburg RUS"]
[Date "2009.10.17"]
[Round "2.63"]
[White "Manukyan, Sargis V"]
[Black "Bocharov, Dmitry"]
[Result "0-1"]
[WhiteElo "2199"]
[BlackElo "2607"]
[PlyCount "66"]
[EventDate "2009.??.??"]

1. d4 Nf6 2. c4 e6 3. Nc3 Bb4 4. e3 O-O 5. Nge2 d5 6. a3 Be7 7. cxd5 exd5 8. g3
c6 9. Bg2 a5 10. O-O Na6 11. Nf4 Re8 12. f3 Bf8 13. b3 b5 14. Re1 Nc7 15. Ra2
c5 16. dxc5 Bxc5 17. Kh1 Bb7 18. Qd3 d4 19. Nxb5 Ba6 20. a4 Ncd5 21. Rae2 Nxe3
22. Bb2 Qb6 23. g4 h6 24. Rc1 Rad8 25. h4 Bd6 26. Nh3 Bb8 27. Ba3 Nd7 28. Rd2
Ne5 29. Qe2 Nxg2 30. Qxg2 Bb7 31. Ng1 d3 32. Bc5 Qf6 33. Rf1 Qxh4+ 0-1

[Event "M.Chigorin Memorial"]
[Site "St. Petersburg RUS"]
[Date "2009.10.17"]
[Round "2.64"]
[White "Maevsky, Nikolay"]
[Black "Lafuente, Pablo"]
[Result "0-1"]
[WhiteElo "2273"]
[BlackElo "2559"]
[PlyCount "158"]
[EventDate "2009.??.??"]

1. Nf3 d5 2. d4 e6 3. c4 Nf6 4. Bg5 h6 5. Bxf6 Qxf6 6. Nc3 c6 7. e3 Nd7 8. Bd3
Bb4 9. Rc1 O-O 10. O-O Rd8 11. Qb3 Bd6 12. cxd5 cxd5 13. Nb5 Bf8 14. Rc2 a6 15.
Qa4 Qe7 16. Rfc1 Nf6 17. Nc3 Bd7 18. Qb3 Qb4 19. Qxb4 Bxb4 20. Ne5 Be8 21. Be2
Bd6 22. Nd3 Kf8 23. b4 b6 24. f3 a5 25. b5 a4 26. Nb2 a3 27. Nd3 Rdc8 28. Rb1
Rc4 29. Ne5 Rc7 30. Nd3 Rac8 31. Rb3 Ke7 32. Bd1 Rc4 33. Kf1 R4c7 34. h3 h5 35.
Ne1 Rc4 36. Nb1 Ra8 37. Be2 Rca4 38. Nd3 h4 39. Ke1 g5 40. Nc3 Rc4 41. Kd2 Rc7
42. Nb4 Rcc8 43. Nb1 Rxc2+ 44. Nxc2 Bd7 45. Bd3 Ra4 46. Ncxa3 e5 47. dxe5 Bxe5
48. Nc3 Ra8 49. Nab1 d4 50. exd4 Bxd4 51. Ra3 Rd8 52. Ra7 Kf8 53. a4 Be6 54.
Ne2 Be5 55. Ke3 Bb8 56. Ra6 Nd5+ 57. Kf2 Nb4 58. Be4 Nxa6 59. bxa6 Bc8 60. Bb7
Bxb7 61. axb7 Rd7 62. Nbc3 Rxb7 63. Ke3 Kg7 64. Nd5 Bd6 65. Ke4 Kg6 66. f4 gxf4
67. Nexf4+ Kg5 68. Nd3 Rb8 69. Kf3 Rd8 70. Nf2 Bc5 71. Ne4+ Kf5 72. Nec3 Bd4
73. Ne7+ Ke6 74. Nc6 Rd7 75. Nb5 Bg1 76. a5 bxa5 77. Nxa5 Rd2 78. Nc4 Rc2 79.
Nbd6 Bc5 0-1

[Event "M.Chigorin Memorial"]
[Site "St. Petersburg RUS"]
[Date "2009.10.17"]
[Round "2.65"]
[White "Yevseev, Denis"]
[Black "Bazeev, German"]
[Result "1/2-1/2"]
[WhiteElo "2541"]
[BlackElo "2274"]
[PlyCount "135"]
[EventDate "2009.??.??"]

1. d4 d5 2. Nf3 e6 3. c4 dxc4 4. e4 b5 5. a4 c6 6. axb5 cxb5 7. b3 Bb7 8. bxc4
Bxe4 9. Nbd2 Bb4 10. cxb5 Nd7 11. Be2 Bd5 12. O-O Ngf6 13. Ba3 Bxa3 14. Rxa3
O-O 15. Qa1 Qb8 16. Rc1 Rd8 17. Bf1 Ne8 18. Ra5 Nd6 19. Qa3 Rc8 20. Rxc8+ Nxc8
21. Nc4 Ndb6 22. Nce5 Qc7 23. Qc5 Qd6 24. Nd2 f6 25. Nd3 Nd7 26. Qxd6 Nxd6 27.
Nf4 Nb6 28. Nxd5 exd5 29. Ra6 Nbc4 30. Nxc4 Nxc4 31. g3 Rb8 32. Rc6 Kf8 33. Rc5
Nb6 34. Bd3 h6 35. Rc7 Nc4 36. Rxa7 Rxb5 37. Bg6 Rb8 38. Rf7+ Kg8 39. Rd7 Nb6
40. Rc7 Rd8 41. Kg2 Rd7 42. Rc6 Rb7 43. Re6 Rb8 44. Re7 Rd8 45. h4 Nc8 46. Rc7
Kf8 47. h5 Ne7 48. Kf3 Rd6 49. Kf4 Nc6 50. Rc8+ Nd8 51. Bf5 Ke7 52. Rc7+ Kf8
53. Bd7 Ke7 54. Bb5+ Kf8 55. Bd7 Ke7 56. Bb5+ Kf8 57. Rc8 Ke7 58. Kf5 Rb6 59.
Rc7+ Kf8 60. Bd7 Rb4 61. Kg6 Rb7 62. Rxb7 Nxb7 63. Bc6 Nd6 64. f3 Nc8 65. Bd7
Ne7+ 66. Kh7 Kf7 67. g4 Kf8 68. Be6 1/2-1/2

[Event "M.Chigorin Memorial"]
[Site "St. Petersburg RUS"]
[Date "2009.10.17"]
[Round "2.66"]
[White "Sokolova, Vera"]
[Black "Magomedov, Magaram"]
[Result "1/2-1/2"]
[WhiteElo "2087"]
[BlackElo "2532"]
[PlyCount "42"]
[EventDate "2009.??.??"]

1. e4 e5 2. Nf3 Nc6 3. Bb5 a6 4. Ba4 Nf6 5. O-O Be7 6. Re1 b5 7. Bb3 d6 8. c3
O-O 9. h3 Nb8 10. Bc2 Nbd7 11. d4 Bb7 12. Nbd2 Re8 13. Nf1 Bf8 14. Ng3 g6 15.
a4 c5 16. d5 c4 17. Be3 Nc5 18. Nd2 Nfd7 19. Qe2 Qc7 20. Ra3 Nb6 21. Rea1 Rec8
1/2-1/2

[Event "M.Chigorin Memorial"]
[Site "St. Petersburg RUS"]
[Date "2009.10.17"]
[Round "2.67"]
[White "Papin, Vasily"]
[Black "Nuretdinov, Igor"]
[Result "1-0"]
[WhiteElo "2529"]
[BlackElo "2182"]
[PlyCount "81"]
[EventDate "2009.??.??"]

1. e4 c5 2. Nf3 Nc6 3. Bb5 g6 4. Bxc6 bxc6 5. O-O Bg7 6. Re1 e5 7. c3 Ne7 8. d4
cxd4 9. cxd4 exd4 10. Nxd4 O-O 11. Nc3 Kh8 12. Bg5 f6 13. Be3 d6 14. Qd2 Rb8
15. Rad1 Rb7 16. Nb3 Rd7 17. Bf4 Re8 18. Bxd6 Nf5 19. exf5 Rxe1+ 20. Qxe1 Rxd6
21. Rxd6 Qxd6 22. fxg6 Qe6 23. Qxe6 Bxe6 24. gxh7 f5 25. Kf1 Kxh7 26. Ke2 Be5
27. g3 f4 28. Kf3 fxg3 29. hxg3 Kg6 30. Ke3 Bc7 31. Nd4 Bd7 32. f4 c5 33. Ndb5
Bb8 34. Na3 a5 35. Nc4 Bc7 36. Nd5 Bb8 37. Nxa5 Be6 38. Nc6 Bd6 39. Nc3 Bd7 40.
Ne4 Bc7 41. Ne5+ 1-0

[Event "M.Chigorin Memorial"]
[Site "St. Petersburg RUS"]
[Date "2009.10.17"]
[Round "2.68"]
[White "Martynenko, Alexey"]
[Black "Hovhannisyan, Robert"]
[Result "0-1"]
[WhiteElo "2033"]
[BlackElo "2463"]
[PlyCount "94"]
[EventDate "2009.??.??"]

1. e4 c5 2. Nf3 d6 3. d4 cxd4 4. Nxd4 Nf6 5. Nc3 Nc6 6. Bg5 Bd7 7. Qd2 Rc8 8.
O-O-O h6 9. Bxf6 gxf6 10. f4 Nxd4 11. Qxd4 Qa5 12. Be2 Qc5 13. Qd3 Bg7 14. f5
h5 15. Qh3 h4 16. Rd5 Bh6+ 17. Kb1 Qe3 18. Qg4 Qf4 19. Qh3 Qe3 20. Qg4 a6 21.
Rhd1 b5 22. a3 Bc6 23. R5d4 Qg5 24. Qh3 Bb7 25. Bf3 Rc4 26. Rxc4 bxc4 27. e5
Bc8 28. Ne4 Qxf5 29. Qxf5 Bxf5 30. exd6 Bf4 31. h3 Be5 32. dxe7 Kxe7 33. Nc5
Rb8 34. Bb7 Bd6 35. Ne4 Bxa3 36. Re1 Kf8 37. Rf1 Bg6 38. Bd5 Rxb2+ 39. Ka1 Rxc2
40. Rb1 Re2 41. Nc3 Re3 42. Rb8+ Kg7 43. Nb1 Bd6 44. Rb6 Bc5 45. Rb7 Bd4+ 46.
Ka2 Re2+ 47. Ka3 Bc5+ 0-1

[Event "M.Chigorin Memorial"]
[Site "St. Petersburg RUS"]
[Date "2009.10.17"]
[Round "2.69"]
[White "Badmatsyrenov, Oleg"]
[Black "Markevich, Ilya"]
[Result "1-0"]
[WhiteElo "2437"]
[BlackElo "2157"]
[PlyCount "79"]
[EventDate "2009.??.??"]

1. e4 c5 2. Nf3 e6 3. d4 cxd4 4. Nxd4 a6 5. Bd3 Nf6 6. O-O d6 7. Qe2 Qc7 8. c4
Be7 9. Nc3 O-O 10. f4 Nbd7 11. Kh1 Re8 12. Bd2 Nf8 13. Rae1 e5 14. fxe5 dxe5
15. Nf5 Bxf5 16. Rxf5 Ne6 17. Nd5 Nxd5 18. exd5 Nc5 19. Bb1 Nd7 20. Ref1 f6 21.
Qg4 Nf8 22. Bh6 Bd8 23. Be3 Qd7 24. Qg3 e4 25. Bd4 Ng6 26. c5 b6 27. c6 Qc7 28.
Qb3 Kh8 29. Bf2 Qc8 30. Bg3 Bc7 31. d6 Bxd6 32. Bxd6 Qxc6 33. Bg3 Rad8 34. Qe3
Qe6 35. Rh5 Qg4 36. Rhf5 Rd1 37. h3 Qxf5 38. Rxd1 b5 39. Qxe4 Qc8 40. Qg4 1-0

[Event "M.Chigorin Memorial"]
[Site "St. Petersburg RUS"]
[Date "2009.10.17"]
[Round "2.70"]
[White "Letov, Petr"]
[Black "Lovkov, Roman"]
[Result "0-1"]
[WhiteElo "2157"]
[BlackElo "2435"]
[PlyCount "92"]
[EventDate "2009.??.??"]

1. e4 c5 2. Nf3 d6 3. d4 cxd4 4. Nxd4 Nf6 5. Nc3 a6 6. Be3 Ng4 7. Bc1 Nc6 8.
Nxc6 bxc6 9. Be2 Nf6 10. Bg5 e5 11. O-O Be7 12. Qd2 h6 13. Bxf6 Bxf6 14. Rad1
Be7 15. f4 exf4 16. Qxf4 Be6 17. e5 d5 18. Kh1 Qc7 19. Qg3 O-O 20. Bd3 Rab8 21.
Ne2 Bg5 22. b3 Rb4 23. h3 Rh4 24. Ng1 f6 25. Nf3 Rf4 26. Nxg5 fxg5 27. Qe3 a5
28. Kh2 Qf7 29. Kg1 g4 30. Rxf4 Qxf4 31. Qxf4 Rxf4 32. hxg4 Rxg4 33. Re1 Kf7
34. Kf2 Ke7 35. g3 Rg5 36. c3 c5 37. Kf3 Bf5 38. Bb5 Be4+ 39. Kf2 Rf5+ 40. Kg1
Rf3 41. c4 Rxg3+ 42. Kf2 Rg2+ 43. Ke3 Rxa2 44. cxd5 Bxd5 45. Rc1 Bxb3 46. Rxc5
Rc2 0-1

[Event "M.Chigorin Memorial"]
[Site "St. Petersburg RUS"]
[Date "2009.10.17"]
[Round "2.71"]
[White "Gu, Xiaobing"]
[Black "Chernov, Vladimir E"]
[Result "1-0"]
[WhiteElo "2339"]
[BlackElo "2042"]
[PlyCount "29"]
[EventDate "2009.??.??"]

1. e4 c5 2. Nf3 d6 3. d4 cxd4 4. Nxd4 Nf6 5. Nc3 a6 6. Bg5 e6 7. f4 Qb6 8. Qd2
Qxb2 9. Nb3 Qa3 10. Bxf6 gxf6 11. Be2 h5 12. O-O h4 13. Qd4 Be7 14. Rab1 e5 15.
Qe3 1-0

[Event "M.Chigorin Memorial"]
[Site "St. Petersburg RUS"]
[Date "2009.10.17"]
[Round "2.73"]
[White "Aleksandrov, Aleksej"]
[Black "Salov, Vitaly V"]
[Result "1-0"]
[WhiteElo "2639"]
[BlackElo "2130"]
[PlyCount "71"]
[EventDate "2009.??.??"]

1. d4 Nf6 2. c4 c5 3. d5 b5 4. cxb5 a6 5. bxa6 Bxa6 6. g3 g6 7. Bg2 d6 8. b3
Bg7 9. Bb2 O-O 10. Nh3 Nbd7 11. O-O Qc7 12. Nf4 Rfb8 13. Bc3 Ra7 14. h4 h5 15.
Qc2 Ne5 16. Nd2 Neg4 17. Nf3 Ne8 18. Ne6 Qd7 19. Nxg7 Nxg7 20. Ng5 Qb5 21. Rfe1
Nf5 22. Be4 Bc8 23. Qd2 Rba8 24. Reb1 Qb6 25. e3 Ra3 26. Rb2 Ngh6 27. Rc1 Qa7
28. Bb1 Qd7 29. e4 Nxh4 30. f3 f6 31. gxh4 fxg5 32. Qxg5 Kh7 33. Rg2 Qe8 34.
Bd2 Ng4 35. fxg4 Bxg4 36. e5 1-0

[Event "M.Chigorin Memorial"]
[Site "St. Petersburg RUS"]
[Date "2009.10.17"]
[Round "2.74"]
[White "Yudin, Sergei"]
[Black "Rjanova, Valery"]
[Result "1-0"]
[WhiteElo "2599"]
[BlackElo "2129"]
[PlyCount "45"]
[EventDate "2009.??.??"]

1. e4 c5 2. Nf3 d6 3. Bb5+ Nd7 4. d4 Ngf6 5. Nc3 a6 6. Bxd7+ Nxd7 7. a4 b6 8.
O-O e6 9. d5 e5 10. Nd2 Be7 11. Nc4 O-O 12. f4 f5 13. Qd3 g6 14. exf5 Rxf5 15.
Ne4 Qc7 16. g4 Rf7 17. fxe5 Rxf1+ 18. Kxf1 Qd8 19. e6 Nf6 20. Nxf6+ Bxf6 21.
Bf4 Be7 22. Qg3 Bh4 23. Qf3 1-0

[Event "M.Chigorin Memorial"]
[Site "St. Petersburg RUS"]
[Date "2009.10.17"]
[Round "2.75"]
[White "Lanin, Alexsej"]
[Black "Reshetov, Valery"]
[Result "1/2-1/2"]
[WhiteElo "2446"]
[BlackElo "2126"]
[PlyCount "56"]
[EventDate "2009.??.??"]

1. e4 e5 2. Nf3 Nc6 3. Bb5 Bc5 4. c3 Nf6 5. Qe2 Qe7 6. d3 d6 7. Nbd2 Bd7 8. Nf1
Ng4 9. Bg5 Bxf2+ 10. Qxf2 Nxf2 11. Bxe7 Nxh1 12. Bg5 h6 13. Bd2 g5 14. Ke2 g4
15. Nh4 g3 16. Kf3 Nf2 17. Kxg3 Ng4 18. h3 Nf6 19. Ne3 O-O-O 20. Rf1 Nh5+ 21.
Kh2 Rdf8 22. Nef5 Nf4 23. Bxf4 exf4 24. d4 Bxf5 25. Nxf5 Kd8 26. Rxf4 Ne7 27.
Ne3 h5 28. Bc4 f6 1/2-1/2